Normal view MARC view
  • OJHA. DR. ABHIJEET. 2-DHAUNDHIYAL, KARUNA 3- DHARMSHAKTU, MRS. SARITA RAWAT 4-SINGH, DR. ARUN KUMAR

Entry Personal Name

Number of records used in: 1

001 - CONTROL NUMBER

  • control field: 8754

003 - CONTROL NUMBER IDENTIFIER

  • control field: JRU

005 - DATE AND TIME OF LATEST TRANSACTION

  • control field: 20251120130532.0

008 - FIXED-LENGTH DATA ELEMENTS

  • fixed length control field: 251120|| aca||aabn | a|a d

040 ## - CATALOGING SOURCE

  • Original cataloging agency: JRU
  • Transcribing agency: JRU

100 ## - HEADING--PERSONAL NAME

  • Personal name: OJHA. DR. ABHIJEET. 2-DHAUNDHIYAL, KARUNA 3- DHARMSHAKTU, MRS. SARITA RAWAT 4-SINGH, DR. ARUN KUMAR

670 ## - SOURCE DATA FOUND

  • Source citation: Work cat.: (JRU)8926: OJHA. DR. ABHIJEET. 2-DHAUNDHIYAL, KARUNA 3- DHARMSHAKTU, MRS. SARITA RAWAT 4-SINGH, DR. ARUN KUMAR, A THEORETICAL BOOK ON QUALITY ASSURANCE, 2024